[Event "South America-ch 1st"]
[Site "Lima"]
[Date "2023.09.21"]
[Round "8"]
[White "Giraldo Arana, Jose Alfonso"]
[Black "Santolalla Urcia, Rodrigo"]
[Result "1-0"]
[WhiteElo "1646"]
[BlackElo "1277"]
[PlyCount "48"]
[EventDate "2023.09.14"]
[EventType "swiss"]
[EventRounds "9"]
[EventCountry "PER"]
[SourceTitle "EXT 2024"]
[Source "ChessBase"]
[SourceDate "2023.10.10"]
[SourceVersion "1"]
[SourceVersionDate "2023.10.10"]
[SourceQuality "1"]

1. e4 c5 2. Nf3 d6 3. d4 cxd4 4. Nxd4 Nf6 5. f3 e6 6. c4 Be7 7. Nc3 0-0 8. Be2 Nc6 9. Be3 a6 10. Rc1 e5 11. Nb3 Re8 12. 0-0 h6 13. Qe1 b6 14. Qf2 Rb8 15. Rfd1 Qc7 16. Nd5 Qd8 17. Bxb6 Rxb6 18. Qxb6 Qxb6+ 19. Nxb6 Bb7 20. Nd5 Nxd5 21. cxd5 Nb8 22. Rc7 Bc8 23. Rdc1 Bd7 24. Rb7 Bd8 1-0

[Event "Lima Palma Memorial U1850 1st"]
[Site "Lima"]
[Date "2018.01.27"]
[Round "8.6"]
[White "Giraldo Arana, Jose Alfonso"]
[Black "Chavez Sierra, Jorge Alberto"]
[Result "1/2-1/2"]
[WhiteElo "1563"]
[BlackElo "1649"]
[PlyCount "37"]
[EventDate "2018.01.23"]
[EventType "swiss"]
[EventRounds "8"]
[EventCountry "PER"]
[SourceTitle "EXT 2024"]
[Source "ChessBase"]
[SourceDate "2023.10.10"]
[SourceVersion "1"]
[SourceVersionDate "2023.10.10"]
[SourceQuality "1"]

1. e4 c5 2. Nf3 d6 3. d4 cxd4 4. Nxd4 Nf6 5. Nc3 a6 6. f4 e6 7. a4 Be7 8. Be2 Nc6 9. Be3 e5 10. fxe5 dxe5 11. Nxc6 bxc6 12. Qxd8+ Bxd8 13. Bc5 Be7 14. Bxe7 Kxe7 15. 0-0 Be6 16. b4 Nd7 17. Rfb1 Rhc8 18. Nd1 a5 19. c3 1/2-1/2

[Event "Lima-ch U16"]
[Site "Lima"]
[Date "2017.01.12"]
[Round "1"]
[White "Rojas, Steven"]
[Black "Giraldo Arana, Jose Alfonso"]
[Result "1/2-1/2"]
[WhiteElo "1857"]
[BlackElo "1467"]
[PlyCount "160"]
[EventDate "2017.01.12"]
[EventType "swiss"]
[EventRounds "7"]
[EventCountry "PER"]
[SourceTitle "EXT 2024"]
[Source "ChessBase"]
[SourceDate "2023.10.10"]
[SourceVersion "1"]
[SourceVersionDate "2023.10.10"]
[SourceQuality "1"]

1. e4 d5 2. exd5 Qxd5 3. Nc3 Qd6 4. d4 a6 5. Nf3 Nf6 6. Be3 Bg4 7. Be2 Nc6 8. 0-0 0-0-0 9. Ng5 Be6 10. Nxe6 Qxe6 11. Bf3 Qd6 12. Bxc6 Qxc6 13. Qf3 Qxf3 14. gxf3 Nd5 15. Ne4 h6 16. c4 Nf6 17. Rfd1 e6 18. Rab1 c6 19. a4 Nd7 20. Bd2 Nb6 21. Ba5 Nxc4 22. Bxd8 Kxd8 23. b3 Nb6 24. Nc5 Kc7 25. b4 Bxc5 26. dxc5 Nxa4 27. Rd3 b5 28. Rbd1 Nb2 29. Rd7+ Kc8 30. R1d6 Nc4 31. Rd1 Rf8 32. Ra7 Kb8 33. Rdd7 Ne5 34. Rdb7+ Kc8 35. Rb6 Rd8 36. Ra8+ Kc7 37. Rb7+ Kxb7 38. Rxd8 Nxf3+ 39. Kg2 Ne5 40. f4 Kc7 41. Rf8 Nd3 42. Rxf7+ Kd8 43. Kf3 g5 44. Ra7 Nxb4 45. fxg5 hxg5 46. Kg4 Nd3 47. Rxa6 Kc7 48. Kxg5 Nxc5 49. Ra1 b4 50. h4 Ne4+ 51. Kg6 Ng3 52. Rg1 Nf5 53. h5 c5 54. Kf6 Kd6 55. Rd1+ Kc6 56. Kxe6 Ng7+ 57. Ke5 Nxh5 58. Rg1 Kb5 59. Ke4 Nf6+ 60. Kd3 Nd5 61. Rg5 Nb6 62. Kc2 Nc4 63. Rh5 Na3+ 64. Kb3 Nc4 65. Kc2 Nd6 66. Kb3 Nb7 67. Rg5 Na5+ 68. Kc2 b3+ 69. Kc3 Kb6 70. Rg6+ Kb5 71. Rg8 b2 72. Kxb2 Kb4 73. Rg4+ c4 74. Rg8 Nc6 75. Rc8 Nd4 76. Rb8+ Nb5 77. Rc8 Nd4 78. Rb8+ Nb5 79. Kc2 Kc5 80. Rc8+ Kb4 1/2-1/2